Top 30 drużyn hltv w cs2 - Statistics

General Stats
  • This quiz has been taken 53 times
  • The average score is 19 of 30
Answer Stats
Miejsce Drużyna % Correct
1 Spirit
97%
2 Vitality
97%
8 FaZe
95%
15 FURIA
95%
3 Natus Vincere
95%
7 G2
92%
9 Liquid
92%
4 MOUZ
92%
10 Falcons
87%
6 The MongolZ
87%
11 Virtus.pro
82%
12 Astralis
74%
5 Eternal Fire
72%
13 GamerLegion
67%
19 HEROIC
67%
16 paiN
67%
25 Complexity
64%
14 3DMAX
62%
17 MIBR
56%
29 B8
46%
23 BetBoom
46%
26 FlyQuest
46%
18 SAW
46%
24 Tyloo
41%
20 BIG
38%
21 M80
31%
22 Wildcard
31%
28 OG
28%
27 BC.Game
21%
30 500
15%
No matching quizzes found
Score Distribution
Percent of People with Each Score
Percentile by Number Answered
Your Score History
You have not taken this quiz